Maravillas de España / (Record no. 97286)

MARC details
000 -LEADER
campo de control de longitud fija 00856nam a2200241 i 4500
001 - NÚMERO DE CONTROL
campo de control 97286
003 - IDENTIFICADOR DE NÚMERO DE CONTROL
campo de control ES-MaACL
005 - FECHA Y HORA DE LA ÚLTIMA TRANSACCIÓN
campo de control 20251113184505.0
007 - CAMPO FIJO DE DESCRIPCIÓN FÍSICA--INFORMACIÓN GENERAL
campo de control de longitud fija t|
008 - DATOS DE LONGITUD FIJA--INFORMACIÓN GENERAL
campo de control de longitud fija 050708s1972 sp ||||1| spa d
080 ## - NÚMERO DE LA CLASIFICACIÓN DECIMAL UNIVERSAL
Número de la Clasificación Decimal Universal 908(084)
080 ## - NÚMERO DE LA CLASIFICACIÓN DECIMAL UNIVERSAL
Número de la Clasificación Decimal Universal 821.134.2-4"19"
245 00 - MENCIÓN DEL TÍTULO
Título Maravillas de España /
Mención de responsabilidad, etc. Miguel Buñuel, Conde de Canilleros, Julio Caro Baroja ... [et al.] ; prólogo de Miguel Ángel Asturias.
260 ## - PUBLICACIÓN, DISTRIBUCIÓN, ETC.
Lugar de publicación, distribución, etc. Barcelona :
Nombre del editor, distribuidor, etc. Nauta,
Fecha de publicación, distribución, etc. 1972.
300 ## - DESCRIPCIÓN FÍSICA
Extensión 320 p., 6 lám. col. :
Otras características físicas il. col. ;
Dimensiones 30 cm.
651 #4 - PUNTO DE ACCESO ADICIONAL DE MATERIA--NOMBRE GEOGRÁFICO
Nombre geográfico España-
Subdivisión general Descripción-
Subdivisión cronológica S.XX.
9 (RLIN) 8187
700 1# - ENTRADA AGREGADA--NOMBRE PERSONAL
Nombre de persona Buñuel, Miguel.
9 (RLIN) 32564
700 1# - ENTRADA AGREGADA--NOMBRE PERSONAL
Nombre de persona Muñoz de San Pedro, Miguel,
Títulos y otros términos asociados al nombre Conde de Canilleros
9 (RLIN) 84394
700 1# - ENTRADA AGREGADA--NOMBRE PERSONAL
Nombre de persona Caro Baroja, Julio,
Fechas asociadas al nombre 1914-1995
9 (RLIN) 35403
700 1# - ENTRADA AGREGADA--NOMBRE PERSONAL
Nombre de persona Asturias, Miguel Ángel,
Fechas asociadas al nombre 1899-1974
9 (RLIN) 23701
852 4# - LOCALIZACIÓN
Ubicación ES-MaACL
Número de control de estantería C-42898
Holdings
Estatus retirado Estado de pérdida Estado de daño No para préstamo Biblioteca de origen Biblioteca actual Ubicación en estantería Fecha de adquisición Fuente de adquisición Total de préstamos Signatura topográfica completa Código de barras Visto por última vez Precio de reemplazo Tipo de ítem Koha
        Biblioteca del Ateneo de Madrid Biblioteca del Ateneo de Madrid Depósito 2 17/01/2008     C-42898 1101563 23/02/2023 23/02/2023 Libro impreso